"Mosolygott minden" az antik nevetés visszhangjai Milton Elveszett Paradicsomában /

Elmentve itt :
Bibliográfiai részletek
Szerző: Péti Miklós
További közreműködők: Milton John
Dokumentumtípus: Könyv része
Megjelent: 2015
Sorozat:Et al. - Kritikai Elmélet Online
Antik nevetés
Kulcsszavak:Angol irodalom - eposz, Műelemzés - angol
Tárgyszavak:
Online Access:http://acta.bibl.u-szeged.hu/59144
LEADER 00840naa a2200241 i 4500
001 acta59144
005 20211216150604.0
008 200826s2015 hu o 0|| hun d
020 |a 978-963-306-427-6 
022 |a 2064-2962 
040 |a SZTE Egyetemi Kiadványok Repozitórium  |b hun 
041 |a hun 
100 1 |a Péti Miklós 
245 1 0 |a "Mosolygott minden"   |h [elektronikus dokumentum] :  |b az antik nevetés visszhangjai Milton Elveszett Paradicsomában /  |c  Péti Miklós 
260 |c 2015 
300 |a 1-26 
490 0 |a Et al. - Kritikai Elmélet Online 
490 0 |a Antik nevetés 
650 4 |a Bölcsészettudományok 
650 4 |a Nyelvek és irodalom 
695 |a Angol irodalom - eposz, Műelemzés - angol 
700 0 1 |a Milton John 
856 4 0 |u http://acta.bibl.u-szeged.hu/59144/1/et_al_2015_002-001-026.pdf  |z Dokumentum-elérés